000 00606nam a2200205Ia 4500
008 240729s9999 xx 000 0 und d
022 _a2450-3118
245 0 _aQuality in Sport
260 _aPoland
260 _bNicolaus Copernicus University in Toruń
650 _a Internal medicine
650 _a Recreation. Leisure
650 _a Special situations and conditions
650 _a Sports | Medicine
650 _a Sports medicine
650 _aGeography. Anthropology. Recreation
856 _uhttps://doaj.org/toc/cb55f4f4aa36422487846a75e69d9d09
942 _2ddc
942 _cDOAJEJ
999 _c66088
_d66088
945 _a1
_bMadushi Gamage
_c1
_dMadushi Gamage